<?xml version="1.0" encoding="UTF-8" ?>
<OAI-PMH xmlns="http://www.openarchives.org/OAI/2.0/" xmlns:xsi="http://www.w3.org/2001/XMLSchema-instance" xsi:schemaLocation="http://www.openarchives.org/OAI/2.0/ http://www.openarchives.org/OAI/2.0/OAI-PMH.xsd">
<responseDate>2026-05-14T00:25:25Z</responseDate>
<request identifier="SKVPK0031861" metadataPrefix="marc21" verb="GetRecord">http://sc.vpk.cz/cgi-bin/oai2</request>
<GetRecord>
<record>
<header>
<identifier>SKVPK0031861</identifier>
<datestamp>2026-04-22T12:23:45Z</datestamp>
</header>
<metadata>
<marc:record xmlns:marc="http://www.loc.gov/MARC21/slim" xmlns:xsi="http://www.w3.org/2001/XMLSchema-instance" xsi:schemaLocation="http://www.loc.gov/MARC21/slim http://www.loc.gov/standards/marcxml/schema/MARC21slim.xsd" type="Bibliographic">
<marc:leader>00542nas  2200181zu 4500</marc:leader>
<marc:controlfield tag="001">SKVPK0031861</marc:controlfield>
<marc:controlfield tag="003">CZ-VPK</marc:controlfield>
<marc:controlfield tag="005">20260422122345.0</marc:controlfield>
<marc:controlfield tag="008">260422d19061949||||| | |||  ||   |||||||</marc:controlfield>
<marc:datafield tag="022" ind1=" " ind2=" ">
<marc:subfield code="a">0369-7088</marc:subfield>
</marc:datafield>
<marc:datafield tag="040" ind1=" " ind2=" ">
<marc:subfield code="a">ABA013</marc:subfield>
<marc:subfield code="b">cze</marc:subfield>
</marc:datafield>
<marc:datafield tag="222" ind1=" " ind2="0">
<marc:subfield code="a">Oil &amp; colour trades journal</marc:subfield>
</marc:datafield>
<marc:datafield tag="245" ind1="0" ind2="0">
<marc:subfield code="a">Oil &amp; colour trades journal</marc:subfield>
</marc:datafield>
<marc:datafield tag="260" ind1=" " ind2=" ">
<marc:subfield code="a">Velká Británie :</marc:subfield>
<marc:subfield code="b">London : Scott Greenwood,,</marc:subfield>
<marc:subfield code="c">1906-1949</marc:subfield>
</marc:datafield>
<marc:datafield tag="650" ind1="0" ind2="7">
<marc:subfield code="a">spotřební průmysl</marc:subfield>
<marc:subfield code="x">sp</marc:subfield>
<marc:subfield code="2">psh</marc:subfield>
</marc:datafield>
<marc:datafield tag="780" ind1="0" ind2="0">
<marc:subfield code="t">Oil and colourman's journal</marc:subfield>
</marc:datafield>
<marc:datafield tag="785" ind1="0" ind2="0">
<marc:subfield code="t">Paint oil &amp; colour journal,</marc:subfield>
<marc:subfield code="x">0030-9516</marc:subfield>
</marc:datafield>
<marc:datafield tag="910" ind1=" " ind2=" ">
<marc:subfield code="a">ABA013</marc:subfield>
<marc:subfield code="r">1946-1948</marc:subfield>
</marc:datafield>
</marc:record>
</metadata>
</record>
</GetRecord>
</OAI-PMH>
